Daños en el derecho de familia - I / (Registro nro. 109295)

Detalles MARC
000 -CABECERA
campo de control de longitud fija 00827nam a22002657a 4500
001 - NÚMERO DE CONTROL
campo de control 109295
003 - IDENTIFICADOR DEL NÚMERO DE CONTROL
campo de control AR-PmUNPB
005 - FECHA Y HORA DE LA ÚLTIMA TRANSACCIÓN
campo de control 20260310154651.0
007 - CAMPO FIJO DE DESCRIPCIÓN FÍSICA--INFORMACIÓN GENERAL
campo de control de longitud fija ta
008 - DATOS DE LONGITUD FIJA--INFORMACIÓN GENERAL
campo de control de longitud fija 260306b ag ||||| |||| 00| 0 spa d
020 ## - NÚMERO INTERNACIONAL ESTÁNDAR DEL LIBRO
Número Internacional Estándar del Libro 9789873014109
040 ## - FUENTE DE LA CATALOGACIÓN
Centro catalogador/agencia de origen AR-PmUNPB
082 ## - NÚMERO DE LA CLASIFICACIÓN DECIMAL DEWEY
Número de edición 1
Número de clasificación 346.01
245 #D - MENCIÓN DE TÍTULO
Título Daños en el derecho de familia - I /
Mención de responsabilidad, etc. Dirigida por Jorge Mosset Iturraspe, Ricardo Luis Lorenzetti
260 ## - PUBLICACIÓN, DISTRIBUCIÓN, ETC. (PIE DE IMPRENTA)
Lugar de publicación, distribución, etc. Buenos Aires :
Nombre del editor, distribuidor, etc. Rubinzal - Culzoni,
Fecha de publicación, distribución, etc. 2019
300 ## - DESCRIPCIÓN FÍSICA
Extensión 609 p.
Otras características físicas 23 x 16 cm.
490 #2 - MENCIÓN DE SERIE
Mención de serie Revista de derecho de daños ;
Designación de volumen o secuencia 2019-2.
650 #7 - PUNTO DE ACCESO ADICIONAL DE MATERIA--TÉRMINO DE MATERIA
9 (RLIN) 2508
Término de materia o nombre geográfico como elemento inicial DERECHO
650 #7 - PUNTO DE ACCESO ADICIONAL DE MATERIA--TÉRMINO DE MATERIA
9 (RLIN) 2517
Término de materia o nombre geográfico como elemento inicial DERECHO DE FAMILIA
650 #7 - PUNTO DE ACCESO ADICIONAL DE MATERIA--TÉRMINO DE MATERIA
9 (RLIN) 2465
Término de materia o nombre geográfico como elemento inicial DAÑOS Y PERJUICIOS
700 1# - PUNTO DE ACCESO ADICIONAL--NOMBRE DE PERSONA
9 (RLIN) 9796
Nombre de persona Mosset Iturraspe, Jorge,
Fechas asociadas al nombre 1930-
700 1# - PUNTO DE ACCESO ADICIONAL--NOMBRE DE PERSONA
9 (RLIN) 106
Nombre de persona Lorenzetti, Ricardo Luis,
Fechas asociadas al nombre 1955-
910 ## - Autoría del registro
Catalogador/fecha FF20260306
Corrección o Modificación/fecha fc20260306
942 ## - ELEMENTOS DE PUNTO DE ACCESO ADICIONAL (KOHA)
Fuente del sistema de clasificación o colocación Dewey Decimal Classification
Tipo de ítem Koha Libros
Existencias
Estado de retiro Estado de pérdida Fuente del sistema de clasificación o colocación Estado dañado No para préstamo Localización permanente Ubicación/localización actual Fecha de adquisición Total de préstamos Signatura topográfica completa Código de barras Fecha visto por última vez Precio válido a partir de Tipo de ítem Koha
En estantería Presente Dewey Decimal Classification   Para el préstamo Madryn: Biblioteca Universitaria "Sede Puerto Madryn" Madryn: Biblioteca Universitaria "Sede Puerto Madryn" 06/03/2026   346.01/M.63 P05931 06/03/2026 06/03/2026 Libros

Con tecnología Koha